000 00422nmm a2200145Ia 4500
008 251105s9999||||xx |||||||||||||||||und||
041 _aspa
100 _aPeñálver, Mónica
245 0 _aLa dama y el dragón :
_b Serie Todas para una 1
264 _a[Madrid, España] :
_bEdiciones B,
_c2014
300 _a287 páginas
650 _aRomance
856 _uhttps://public.digitaliapublishing.com/a/53591
942 _cCF
999 _c104863
_d104863